000 00525nam a22001697a 4500
005 20251108164223.0
008 250721s1979 xx 000 0 ara d
082 1 4 _a840.9/نها
100 1 _aالتكرلي، نهاد
245 1 0 _aإتجاهات النقد الأدبي الفرنسي المعاصر /
264 1 _aبغداد :
_bوزارة الثقافة والفنون،
_c1979.
300 _a143 ص
650 1 7 _aالأدب الفرنسي
650 1 7 _aالنقد الأدبي
942 _2ddc
_cBK
999 _c6692
_d6692